[Event "20th Dubai Open 2018"]
[Site "Dubai UAE"]
[Date "2018.04.03"]
[Round "2.24"]
[White "Kiriakov, Petr"]
[Black "Dhulipalla, Bala Chandra Prasad"]
[Result "1-0"]
[WhiteTitle "GM"]
[BlackTitle "IM"]
[WhiteElo "2520"]
[BlackElo "2294"]
[WhiteFideId "4119231"]
[BlackFideId "25005812"]
[EventDate "2018.04.02"]

1. d4 d5 2. c4 c6 3. e3 Nf6 4. Nf3 Bg4 5. h3 Bh5 6. cxd5 Bxf3 7. Qxf3 cxd5 8.
Nc3 Nc6 9. Bd3 e6 10. O-O Bd6 11. Bd2 O-O 12. Rfc1 Rc8 13. Qd1 Qe7 14. a3 a6 15.
b4 b5 16. Ra2 Qb7 17. Ne2 Nd7 18. e4 Nb6 19. e5 Be7 20. Bb1 Nc4 21. Rc3 Qb6 22.
Bh6 f5 23. exf6 Bxf6 24. Qc2 g6 25. Bxf8 Kxf8 26. Rf3 Kg7 27. Rg3 Nxd4 28. Rxg6+
Kh8 29. Nxd4 Qxd4 30. Rxf6 1-0

[Event "20th Dubai Open 2018"]
[Site "Dubai UAE"]
[Date "2018.04.03"]
[Round "2.25"]
[White "Debashis, Das"]
[Black "Bubalovic, Davorin"]
[Result "1-0"]
[WhiteTitle "GM"]
[BlackTitle "FM"]
[WhiteElo "2518"]
[BlackElo "2187"]
[WhiteFideId "5024854"]
[BlackFideId "14500515"]
[EventDate "2018.04.02"]

1. d4 Nf6 2. c4 g6 3. Nc3 Bg7 4. e4 d6 5. Nf3 O-O 6. Be2 e5 7. O-O Na6 8. Be3 c6
9. d5 Nc5 10. Nd2 a5 11. a3 Bd7 12. b4 axb4 13. axb4 Rxa1 14. Qxa1 Na6 15. dxc6
Bc8 16. cxb7 Bxb7 17. Rb1 Nc7 18. Qa7 Qc8 19. Nd5 Re8 20. Qb6 Ne6 21. Qxd6 Bxd5
22. cxd5 Nd4 23. Qa6 Qb8 24. Bd1 Rc8 25. Qd3 Ne8 26. h3 Nd6 27. b5 f5 28. exf5
gxf5 29. b6 Qb7 30. Qa3 N6b5 31. Qd3 Nc3 32. Ra1 Nxd1 33. Bxd4 exd4 34. Rxd1
Qxb6 35. Qxf5 Re8 36. Nf3 h6 37. Qd3 Qc5 38. Nxd4 Qxd5 39. Nf3 Qxd3 40. Rxd3 Re2
41. g3 Ra2 42. Rd2 Ra3 43. Kg2 Bf8 44. Ne5 Bb4 45. Rd7 Ra2 46. Ng4 Ra6 47. Ne3
Bc5 48. Nf5 Kf8 49. Rc7 Ba7 50. Nxh6 Bxf2 51. Rf7+ Ke8 52. Rxf2 Rxh6 53. g4 1-0

[Event "20th Dubai Open 2018"]
[Site "Dubai UAE"]
[Date "2018.04.03"]
[Round "2.26"]
[White "Sharma, Dinesh K."]
[Black "Vishnu Prasanna, V"]
[Result "0-1"]
[WhiteTitle "IM"]
[BlackTitle "GM"]
[WhiteElo "2261"]
[BlackElo "2510"]
[WhiteFideId "5004110"]
[BlackFideId "5030692"]
[EventDate "2018.04.02"]

1. e4 c5 2. Nf3 d6 3. d4 cxd4 4. Nxd4 Nf6 5. Nc3 a6 6. Be3 e6 7. a4 Qc7 8. Be2
b6 9. f4 Bb7 10. Bf3 Nbd7 11. Nb3 Be7 12. O-O Rd8 13. Qe2 e5 14. f5 O-O 15. Rfd1
Rfe8 16. Kh1 d5 17. exd5 e4 18. Nxe4 Nxe4 19. Bxe4 Nf6 20. Bf3 Bxd5 21. Bd4 Bf8
22. Qf2 Ne4 23. Bxe4 Bxe4 24. c3 Qc6 25. Nd2 Bc2 26. Re1 Qh6 27. Nf3 Bxf5 28.
Bxb6 Rc8 29. Rxe8 Rxe8 30. Bc7 Be4 31. Nd4 Bd5 32. Bf4 Qh5 33. Re1 Rxe1+ 34.
Qxe1 Qg4 35. Bg3 h5 36. Qe2 Qg6 37. Kg1 Qb1+ 38. Be1 Be4 39. b4 g6 40. Nf3 Bd3
41. Qe8 Be4 42. Kf2 Qc2+ 43. Kg3 Qe2 0-1

[Event "20th Dubai Open 2018"]
[Site "Dubai UAE"]
[Date "2018.04.03"]
[Round "2.27"]
[White "Gagare, Shardul"]
[Black "Nikhil, Magizhnan"]
[Result "1-0"]
[WhiteTitle "GM"]
[BlackTitle "CM"]
[WhiteElo "2502"]
[BlackElo "2105"]
[WhiteFideId "5037883"]
[BlackFideId "35075497"]
[EventDate "2018.04.02"]

1. d4 Nf6 2. c4 e6 3. Nc3 Bb4 4. g3 O-O 5. Bg2 d5 6. Nf3 c5 7. cxd5 Nxd5 8. Bd2
cxd4 9. Nxd5 Bxd2+ 10. Qxd2 Qxd5 11. Qxd4 Qa5+ 12. Qd2 Qc7 13. O-O Nc6 14. Qc3
e5 15. b4 Qb6 16. Nxe5 Qxb4 17. Qxb4 Nxb4 18. a3 Re8 19. Rfd1 Nc2 20. Ra2 Be6
21. Rb2 Nxa3 22. Bxb7 Rad8 23. Rc1 g6 24. Ba6 Bd5 25. Ng4 Rd6 26. Bd3 a6 27. Rc3
Nb5 28. Bxb5 axb5 29. Rd3 Red8 30. Rbd2 Be6 31. Nf6+ Kf8 32. Rxd6 Rxd6 33. Rxd6
Ke7 34. Ne4 f5 35. Rb6 1-0

[Event "20th Dubai Open 2018"]
[Site "Dubai UAE"]
[Date "2018.04.03"]
[Round "2.28"]
[White "Christiansen, Johan-Sebastian"]
[Black "Kurbanov, Djakhongir"]
[Result "1-0"]
[WhiteTitle "IM"]
[WhiteElo "2498"]
[BlackElo "2078"]
[WhiteFideId "1512668"]
[BlackFideId "14201496"]
[EventDate "2018.04.02"]

1. e4 e5 2. Nf3 Nc6 3. Bc4 Nf6 4. d4 exd4 5. e5 d5 6. Bb5 Ne4 7. Nxd4 Bd7 8.
Bxc6 bxc6 9. O-O Bc5 10. f3 Ng5 11. f4 Ne6 12. c3 f5 13. Be3 O-O 14. Nd2 a5 15.
N2f3 Qb8 16. Qd2 Qa7 17. Rae1 Bxd4 18. Nxd4 Nxd4 19. e6 Bxe6 20. Bxd4 c5 21.
Bxg7 Rfe8 22. Be5 c6 23. Re3 Kf7 24. Qe2 Ke7 25. Re1 Qa6 26. Bf6+ Kf7 27. Qh5+
Kxf6 28. Qh6+ Kf7 29. Qxh7+ Kf6 30. Rh3 1-0

[Event "20th Dubai Open 2018"]
[Site "Dubai UAE"]
[Date "2018.04.03"]
[Round "2.29"]
[White "Karthikeyan, P."]
[Black "Mahitosh, Dey"]
[Result "1-0"]
[WhiteTitle "IM"]
[WhiteElo "2481"]
[BlackElo "1913"]
[WhiteFideId "5018226"]
[BlackFideId "25091468"]
[EventDate "2018.04.02"]

1. e4 e5 2. Nf3 Nc6 3. Bb5 a6 4. Ba4 Nf6 5. O-O b5 6. Bb3 Bb7 7. Re1 Bc5 8. c3
d6 9. d4 Bb6 10. Bg5 h6 11. Bxf6 Qxf6 12. Bd5 O-O 13. Na3 Rab8 14. Nc2 Ne7 15.
Bxb7 Rxb7 16. a4 Ng6 17. g3 c5 18. axb5 axb5 19. dxc5 dxc5 20. Ne3 Rd8 21. Nd5
Qd6 22. c4 Ne7 23. b3 f6 24. Nh4 Nxd5 25. exd5 Qd7 26. Ra6 bxc4 27. bxc4 Bc7 28.
Qh5 Rb4 29. Nf5 Rxc4 30. Re6 Kf8 31. Qg6 Qf7 32. Qh7 Rb4 33. Nxh6 gxh6 34. Qh8+
Qg8 35. Qxh6+ Qg7 36. Rxf6+ Kg8 37. Rg6 Qxg6 38. Qxg6+ Kf8 39. Re3 1-0

[Event "20th Dubai Open 2018"]
[Site "Dubai UAE"]
[Date "2018.04.03"]
[Round "2.30"]
[White "Blagojevic, Tijana"]
[Black "Santiago, Yago De Moura"]
[Result "1/2-1/2"]
[WhiteTitle "WIM"]
[BlackTitle "GM"]
[WhiteElo "2254"]
[BlackElo "2476"]
[WhiteFideId "16500270"]
[BlackFideId "2103877"]
[EventDate "2018.04.02"]

1. e4 g6 2. d4 Bg7 3. Nf3 d6 4. Nc3 c6 5. a4 Nf6 6. Be2 O-O 7. O-O Qc7 8. Bf4
Nh5 9. Bg5 h6 10. Be3 e5 11. dxe5 dxe5 12. Bc4 Nf4 13. Qb1 Be6 14. Qa2 Qe7 15.
Bxe6 Nxe6 16. Qc4 Kh7 17. Rad1 Na6 18. Rd2 Qb4 19. Qxb4 Nxb4 20. Rfd1 b6 21. Nb1
f5 22. exf5 gxf5 23. Rd6 Rad8 24. c3 Nc2 25. Rxd8 Rxd8 26. Rxd8 Nxd8 27. Bc1 Ne6
28. b4 c5 29. b5 c4 30. Nbd2 Nc5 31. Nxc4 Nxa4 32. Bd2 e4 33. Nh4 f4 34. Nf5 Bf6
35. Nfd6 Nxc3 36. Bxc3 Bxc3 37. Nxe4 Bb4 38. Ne5 Na3 39. Nc6 Bf8 40. Nxa7 Kg6
41. Nc8 Kf5 42. f3 Nc4 43. g4+ Ke6 44. Kf2 Kd7 45. Na7 Ne5 46. Ke2 Kc7 47. Nc6
Nxc6 48. bxc6 Kxc6 49. h4 b5 50. Kd3 Bg7 51. g5 hxg5 52. Nxg5 Kd5 53. Nh3 Ke5
54. Kc3 Bf8 55. Kd3 1/2-1/2

[Event "20th Dubai Open 2018"]
[Site "Dubai UAE"]
[Date "2018.04.03"]
[Round "2.31"]
[White "Karthik, Venkataraman"]
[Black "Mosallam, Mohammad"]
[Result "1-0"]
[WhiteTitle "FM"]
[WhiteElo "2470"]
[BlackElo "1624"]
[WhiteFideId "25006479"]
[BlackFideId "9308709"]
[EventDate "2018.04.02"]

1. e4 e5 2. Nf3 Nc6 3. Bb5 a6 4. Ba4 d6 5. O-O Bd7 6. d4 b5 7. Bb3 Nxd4 8. Nxd4
exd4 9. c3 dxc3 10. Qh5 Qf6 11. Nxc3 Qg6 12. Qf3 Bg4 13. Qe3 Be7 14. f4 Nh6 15.
f5 Qh5 16. f6 Bxf6 17. Rxf6 gxf6 18. Nd5 Kd8 19. Qc3 Qe5 20. Qxc7+ Ke8 21. Qc6+
Kf8 22. Bxh6+ 1-0

[Event "20th Dubai Open 2018"]
[Site "Dubai UAE"]
[Date "2018.04.03"]
[Round "2.32"]
[White "Sun, Chao"]
[Black "Iniyan, P"]
[Result "0-1"]
[BlackTitle "IM"]
[WhiteElo "2041"]
[BlackElo "2466"]
[WhiteFideId "8622990"]
[BlackFideId "25002767"]
[EventDate "2018.04.02"]

1. e4 c5 2. Nf3 d6 3. d4 cxd4 4. Nxd4 a6 5. Nc3 e6 6. Be2 b5 7. Be3 Bb7 8. f3
Nf6 9. O-O Nbd7 10. a4 b4 11. Na2 d5 12. c3 bxc3 13. Nxc3 e5 14. exd5 exd4 15.
Bxd4 Bd6 16. Qb3 Qb8 17. Kh1 O-O 18. Ne4 Bxd5 19. Qxb8 Bxb8 20. Nxf6+ Nxf6 21.
Rfd1 Bb3 22. Rdc1 Re8 23. Bf1 Be5 24. Bxe5 Rxe5 25. Rc3 Be6 26. b4 Nd5 27. Rc5
Re3 28. b5 axb5 29. Bxb5 Rc3 30. Rc1 Rxc5 31. Rxc5 Nb6 32. Rc3 Nxa4 33. Ra3 Rc8 0-1

[Event "20th Dubai Open 2018"]
[Site "Dubai UAE"]
[Date "2018.04.03"]
[Round "2.33"]
[White "Chakravarthi Reddy, M"]
[Black "Sidharth, Balaji Sridharan"]
[Result "1-0"]
[WhiteTitle "IM"]
[WhiteElo "2442"]
[BlackElo "1567"]
[WhiteFideId "25009532"]
[BlackFideId "45002789"]
[EventDate "2018.04.02"]

1. c4 e6 2. d4 d5 3. Nf3 c6 4. Nc3 Nf6 5. Bg5 Nbd7 6. cxd5 cxd5 7. e3 h6 8. Bh4
Be7 9. Bd3 a6 10. O-O O-O 11. Ne5 Nxe5 12. dxe5 Nd7 13. Bg3 b5 14. Rc1 Bb7 15.
Bb1 Re8 16. e4 Nb6 17. exd5 Nxd5 18. Qd3 g6 19. Ne4 Kg7 20. h4 h5 21. Qd4 Qb6
22. Qxb6 Nxb6 23. Rc7 Bxe4 24. Bxe4 Rac8 25. Ra7 Nc4 26. Rd1 Bc5 27. Rxa6 Nxb2
28. Rb1 Bd4 29. Bc6 Red8 30. Bxb5 Rd5 31. Rd6 Bxf2+ 32. Bxf2 Rxb5 33. Bd4 Rcb8
34. Rd7 Nc4 35. Rf1 Rf8 36. Rc7 Nd2 37. Rf2 Ne4 38. Rf4 Ng3 39. Kf2 Nf5 40. Bc3
Rd8 41. Ra4 Rb1 42. Raa7 Rdd1 43. Rxf7+ Kg8 44. Rfc7 Rf1+ 45. Ke2 Ng3+ 46. Kd3
Rbd1+ 47. Kc4 Rf4+ 48. Kb3 Ne4 49. Rg7+ 1-0

[Event "20th Dubai Open 2018"]
[Site "Dubai UAE"]
[Date "2018.04.03"]
[Round "2.34"]
[White "Devnani, Kush"]
[Black "Maghsoodloo, Parham"]
[Result "0-1"]
[BlackTitle "GM"]
[WhiteElo "1605"]
[BlackElo "2615"]
[WhiteFideId "45093806"]
[BlackFideId "12539929"]
[EventDate "2018.04.02"]

1. e4 c5 2. Nf3 Nc6 3. Bb5 e6 4. Bxc6 bxc6 5. d4 cxd4 6. Qxd4 d5 7. exd5 cxd5 8.
O-O Nf6 9. Nc3 Be7 10. Bf4 O-O 11. a4 Ba6 12. Rfe1 Qa5 13. Be5 Rfc8 14. Qh4 Rc4
15. Nd4 Qc5 16. Rad1 Nd7 17. Qg3 Nxe5 18. Nb3 Qc7 19. Qxe5 Qxe5 20. Rxe5 Bf6 21.
Ree1 Rac8 22. Rd2 Rb4 23. Nb5 Bxb5 24. axb5 Bxb2 25. Red1 Rxb5 26. Nc1 a5 27.
Ne2 a4 28. Rb1 a3 29. Nd4 a2 0-1

[Event "20th Dubai Open 2018"]
[Site "Dubai UAE"]
[Date "2018.04.03"]
[Round "2.35"]
[White "Flores, Diego"]
[Black "Song, Yuxin"]
[Result "1-0"]
[WhiteTitle "GM"]
[BlackTitle "WCM"]
[WhiteElo "2601"]
[BlackElo "2075"]
[WhiteFideId "108049"]
[BlackFideId "8614300"]
[EventDate "2018.04.02"]

1. Nf3 Nf6 2. c4 e6 3. Nc3 Bb4 4. g3 O-O 5. Bg2 d5 6. d4 c6 7. O-O Nbd7 8. Qb3
Be7 9. Bf4 Nh5 10. Bd2 f5 11. a4 a5 12. Ne5 Nxe5 13. dxe5 dxc4 14. Qc2 g5 15.
Rad1 Qc7 16. Qc1 g4 17. Bh6 Rd8 18. Bg5 Rxd1 19. Rxd1 Rb8 20. h3 gxh3 21. Bf3
Ng7 22. Bf6 Bf8 23. Qg5 b5 24. axb5 cxb5 25. Rd8 Ba6 26. Nd5 exd5 27. Bxd5+ Kh8
28. Qxg7+ Qxg7 29. Rxb8 1-0

[Event "20th Dubai Open 2018"]
[Site "Dubai UAE"]
[Date "2018.04.03"]
[Round "2.36"]
[White "Ashwath, R."]
[Black "Can, Emre"]
[Result "0-1"]
[BlackTitle "GM"]
[WhiteElo "2250"]
[BlackElo "2590"]
[WhiteFideId "5021049"]
[BlackFideId "6302181"]
[EventDate "2018.04.02"]

1. d4 g6 2. c4 Bg7 3. Nf3 c5 4. dxc5 Na6 5. e3 Nxc5 6. Be2 Nf6 7. Nc3 O-O 8. O-O
b6 9. Qc2 d5 10. Nd4 dxc4 11. Bxc4 Bb7 12. b3 a6 13. a4 Qc7 14. h3 Rac8 15. Ba3
Ne8 16. Rac1 Nd6 17. Nd5 Qd8 18. Nxb6 Qxb6 19. Bxc5 Rxc5 20. Bxf7+ Kxf7 21. Qxc5
Bxd4 22. Qxd4 Qxd4 23. exd4 Bd5 24. b4 Rb8 25. b5 axb5 26. axb5 Bc4 27. Rfe1
Rxb5 28. Re5 Rb2 29. Rc5 Bd3 30. Re1 Rb7 31. Rc3 Be4 32. Rec1 Rb4 33. Rd1 Nb5
34. Re3 Bd5 35. Red3 h5 36. Kh2 Nd6 37. Rc3 Rb2 38. Rc5 e6 39. Kg1 Ne4 40. Rc7+
Kf6 41. Rc8 Nd6 42. Rc3 Rxf2 43. Kxf2 Ne4+ 44. Ke3 Nxc3 45. Rf1+ Kg5 46. Rc1 Ne4
47. Rc8 Nd6 48. Rc2 Nf5+ 49. Kd3 Kf4 50. Rf2+ Kg3 51. Re2 h4 52. Kc3 g5 53. Kd3
Ne7 54. Re5 Kf4 55. Re2 Ng6 56. Kd2 Kg3 57. Kc3 g4 58. hxg4 Nf4 59. Re3+ Kxg4 0-1

[Event "20th Dubai Open 2018"]
[Site "Dubai UAE"]
[Date "2018.04.03"]
[Round "2.37"]
[White "Deepan, Chakkravarthy J."]
[Black "Sultan, Ibrahim"]
[Result "1-0"]
[WhiteTitle "GM"]
[BlackTitle "IM"]
[WhiteElo "2499"]
[BlackElo "2141"]
[WhiteFideId "5011132"]
[BlackFideId "9301143"]
[EventDate "2018.04.02"]

1. Nf3 Nf6 2. d4 e6 3. e3 d5 4. Bd3 c5 5. O-O Nc6 6. b3 Bd6 7. Bb2 Qc7 8. c4
cxd4 9. exd4 O-O 10. Re1 Rd8 11. Nc3 a6 12. c5 Bf4 13. g3 Bh6 14. Na4 Nd7 15.
Bc1 Bxc1 16. Rxc1 g6 17. Qd2 Kg7 18. Qb2 Rb8 19. h4 Nf8 20. h5 gxh5 21. Kg2 Bd7
22. Qd2 f6 23. Nb6 Be8 24. b4 Bg6 25. Bb1 Re8 26. a4 Rbd8 27. b5 Nb8 28. Qb2
Nfd7 29. Na8 Qc8 30. Re3 Nf8 31. Rb3 Re7 32. Bxg6 hxg6 33. c6 axb5 34. c7 Nbd7
35. cxd8=Q Qxd8 36. Nc7 1-0

[Event "20th Dubai Open 2018"]
[Site "Dubai UAE"]
[Date "2018.04.03"]
[Round "2.38"]
[White "Phadke, Sohan"]
[Black "Venkatesh, M.R."]
[Result "0-1"]
[WhiteTitle "FM"]
[BlackTitle "GM"]
[WhiteElo "2150"]
[BlackElo "2487"]
[WhiteFideId "5016223"]
[BlackFideId "5005779"]
[EventDate "2018.04.02"]

1. d4 g6 2. e4 Bg7 3. Nc3 d6 4. Be3 a6 5. a4 Nf6 6. f3 Nc6 7. Qd2 e5 8. dxe5
Nxe5 9. O-O-O O-O 10. Bh6 b5 11. Bxg7 Kxg7 12. f4 Nc6 13. Bd3 Re8 14. Nf3 Bg4
15. h3 Bxf3 16. gxf3 Nb4 17. h4 Nh5 18. f5 Qf6 19. Rhg1 bxa4 20. Bc4 Rab8 21.
Rg5 a3 22. bxa3 Nc6 23. fxg6 fxg6 24. Rdg1 Kh8 25. Rxg6 Qd4 26. Qg5 Qxc4 27.
Qxh5 Qxc3 28. Rg7 Qe3+ 0-1

[Event "20th Dubai Open 2018"]
[Site "Dubai UAE"]
[Date "2018.04.04"]
[Round "3.1"]
[White "Kryvoruchko, Yuriy"]
[Black "Pantsulaia, Levan"]
[Result "1-0"]
[WhiteTitle "GM"]
[BlackTitle "GM"]
[WhiteElo "2703"]
[BlackElo "2592"]
[WhiteFideId "14109182"]
[BlackFideId "13602071"]
[EventDate "2018.04.02"]

1. e4 c6 2. d4 d5 3. e5 Bf5 4. Nf3 e6 5. Be2 c5 6. Be3 Qb6 7. Nc3 Nc6 8. O-O
Qxb2 9. Qe1 cxd4 10. Bxd4 Nxd4 11. Nxd4 Bb4 12. Ndb5 Ba5 13. Rb1 Qxc2 14. Rc1
Qb2 15. Na4 Bxe1 16. Nxb2 Ba5 17. Nd6+ Ke7 18. Nxb7 Bb6 19. Na4 Bd4 20. g4 Bxg4
21. Bxg4 Bxe5 22. f4 Bd4+ 23. Kg2 Nh6 24. Bh3 Rhc8 25. Kf3 g6 26. Rfd1 Bb6 27.
Nbc5 Bxc5 28. Nxc5 Rab8 29. Nd3 a5 30. Rxc8 Rxc8 31. Rc1 Rxc1 32. Nxc1 Kd6 33.
Ke3 Kc5 34. Nd3+ Kc4 35. Kd2 Kd4 36. a4 f5 37. Ne5 Ke4 38. Nc6 Kxf4 39. Nxa5 Nf7
40. Nc6 Ne5 41. Nd8 Nc4+ 42. Kc3 e5 43. Bf1 Nd6 44. a5 Ke3 45. Nf7 d4+ 46. Kc2
Nc8 47. Nxe5 g5 48. Bd3 Kf4 49. Nc6 h5 50. Nxd4 Ne7 51. a6 1-0

[Event "20th Dubai Open 2018"]
[Site "Dubai UAE"]
[Date "2018.04.04"]
[Round "3.2"]
[White "Narayanan, S.L."]
[Black "Anton Guijarro, David"]
[Result "1-0"]
[WhiteTitle "GM"]
[BlackTitle "GM"]
[WhiteElo "2568"]
[BlackElo "2653"]
[WhiteFideId "5058422"]
[BlackFideId "2285525"]
[EventDate "2018.04.02"]

1. d4 Nf6 2. c4 e6 3. Nf3 d5 4. Nc3 c6 5. e3 Nbd7 6. Qc2 Bd6 7. Bd3 O-O 8. O-O
dxc4 9. Bxc4 e5 10. h3 Qe7 11. Bb3 a5 12. a4 Bb4 13. Rd1 e4 14. Nd2 Re8 15. f3
exf3 16. Nxf3 Nf8 17. e4 Be6 18. e5 Bxb3 19. Qxb3 N6d7 20. Na2 c5 21. Nxb4 axb4
22. Bd2 b6 23. Rac1 h6 24. Kh1 Qe6 25. d5 Qf5 26. g4 Qg6 27. Re1 h5 28. Rc4 Rad8
29. Rf4 hxg4 30. hxg4 Qh7+ 31. Kg2 Ng6 32. Rf5 Ndxe5 33. Rfxe5 Nxe5 34. Nxe5 Rd6
35. Qc4 g5 36. Nc6 Rxe1 37. Bxe1 Rd7 38. Qe2 Kf8 39. Bg3 b3 40. d6 Qc2 41. Kf2
c4 42. Nd4 Qxe2+ 43. Nxe2 f6 44. Ke3 Ra7 45. Nc3 Ra5 46. Kd4 f5 47. Nd5 Rxd5+
48. Kxd5 c3 49. Ke6 1-0

[Event "20th Dubai Open 2018"]
[Site "Dubai UAE"]
[Date "2018.04.04"]
[Round "3.3"]
[White "Ghaem Maghami, Ehsan"]
[Black "Rakhmanov, Aleksandr"]
[Result "1/2-1/2"]
[WhiteTitle "GM"]
[BlackTitle "GM"]
[WhiteElo "2523"]
[BlackElo "2652"]
[WhiteFideId "12500739"]
[BlackFideId "4173708"]
[EventDate "2018.04.02"]

1. d4 Nf6 2. Nf3 g6 3. Bg5 Bg7 4. Nbd2 d5 5. e3 O-O 6. c3 c6 7. Be2 Bg4 8. O-O
Nbd7 9. Re1 Re8 10. Qb3 Qb6 11. h3 Bxf3 12. Bxf3 e6 13. e4 dxe4 14. Nxe4 Nxe4
15. Bxe4 a5 16. Qxb6 Nxb6 17. Re2 a4 18. a3 Nc4 19. Bd3 b5 20. Rae1 h6 21. Bc1
Red8 22. g4 Rac8 23. Kg2 c5 24. Bxc4 bxc4 25. dxc5 Rxc5 26. Rd2 Rxd2 27. Bxd2
Rc6 28. Be3 Rd6 29. Bc5 Rd8 30. h4 Bf8 1/2-1/2

[Event "20th Dubai Open 2018"]
[Site "Dubai UAE"]
[Date "2018.04.04"]
[Round "3.4"]
[White "Kiriakov, Petr"]
[Black "Mareco, Sandro"]
[Result "1/2-1/2"]
[WhiteTitle "GM"]
[BlackTitle "GM"]
[WhiteElo "2520"]
[BlackElo "2645"]
[WhiteFideId "4119231"]
[BlackFideId "112275"]
[EventDate "2018.04.02"]

1. d4 d5 2. c4 e6 3. Nc3 c6 4. e3 Nf6 5. a3 Nbd7 6. Qc2 Bd6 7. c5 Bc7 8. f4 b6
9. b4 O-O 10. Nf3 a5 11. Ra2 Ne4 12. cxb6 Bxb6 13. Nxe4 dxe4 14. Qxe4 axb4 15.
Bc4 Nf6 16. Qd3 c5 17. axb4 Rxa2 18. Bxa2 cxd4 19. Nxd4 Bb7 20. Bb2 Qa8 21. Bb3
Rd8 22. Qe2 Ba6 23. b5 Ba5+ 24. Kf1 Bb7 25. Kg1 Bc7 26. h4 h5 27. Nc6 Bxc6 28.
Bxf6 gxf6 29. bxc6 Qxc6 30. Rh3 Kf8 31. Qc4 Qb6 32. Kh2 Ke7 33. Rg3 Bd6 34. Ba2
Ra8 35. Qb3 Qa7 36. Bb1 Rb8 37. Qa2 Qc7 38. Bd3 Rc8 39. Be2 Qb8 40. Bxh5 Rh8 1/2-1/2

[Event "20th Dubai Open 2018"]
[Site "Dubai UAE"]
[Date "2018.04.04"]
[Round "3.5"]
[White "Ganguly, Surya Shekhar"]
[Black "Debashis, Das"]
[Result "1-0"]
[WhiteTitle "GM"]
[BlackTitle "GM"]
[WhiteElo "2642"]
[BlackElo "2518"]
[WhiteFideId "5002150"]
[BlackFideId "5024854"]
[EventDate "2018.04.02"]

1. e4 c5 2. Nf3 d6 3. d4 cxd4 4. Nxd4 Nf6 5. Nc3 a6 6. a3 g6 7. Be3 Bg7 8. f3
Nc6 9. Qd2 d5 10. exd5 Nxd5 11. Nxc6 bxc6 12. Bd4 Bxd4 13. Qxd4 O-O 14. O-O-O
Qc7 15. Bc4 Nb6 16. Ba2 Bf5 17. g4 Rad8 18. Qe3 Rxd1+ 19. Rxd1 Bc8 20. h4 Kg7
21. h5 h6 22. hxg6 fxg6 23. Re1 e5 24. Qc5 Re8 25. Ne4 Nd7 26. Nd6 Rf8 27. Nf5+
gxf5 28. Qe7+ Kg6 29. gxf5+ Kxf5 1-0

[Event "20th Dubai Open 2018"]
[Site "Dubai UAE"]
[Date "2018.04.04"]
[Round "3.6"]
[White "Sethuraman, S.P."]
[Black "Gagare, Shardul"]
[Result "1-0"]
[WhiteTitle "GM"]
[BlackTitle "GM"]
[WhiteElo "2631"]
[BlackElo "2502"]
[WhiteFideId "5021596"]
[BlackFideId "5037883"]
[EventDate "2018.04.02"]

1. Nf3 d5 2. c4 c6 3. d4 Nf6 4. Nc3 e6 5. e3 Nbd7 6. Bd3 dxc4 7. Bxc4 b5 8. Bd3
a6 9. e4 c5 10. e5 cxd4 11. Nxb5 axb5 12. exf6 gxf6 13. O-O Qb6 14. Qe2 b4 15.
Rd1 Bc5 16. Bf4 Bb7 17. a4 Rg8 18. Bg3 h5 19. Bb5 Rg4 20. Rac1 Ke7 21. Nh4 Ne5
22. Kh1 Rag8 23. f3 Rxg3 24. hxg3 Rxg3 25. Qc2 Bd6 26. Qf2 Nxf3 27. Nxf3 Bxf3
28. gxf3 Qb8 29. Bf1 Be5 30. Rc4 h4 31. Rcxd4 Bxd4 32. Qxd4 Kf8 33. Qxf6 1-0

[Event "20th Dubai Open 2018"]
[Site "Dubai UAE"]
[Date "2018.04.04"]
[Round "3.7"]
[White "Vishnu Prasanna, V"]
[Black "Adly, Ahmed"]
[Result "1/2-1/2"]
[WhiteTitle "GM"]
[BlackTitle "GM"]
[WhiteElo "2510"]
[BlackElo "2626"]
[WhiteFideId "5030692"]
[BlackFideId "10601619"]
[EventDate "2018.04.02"]

1. c4 Nf6 2. Nc3 e5 3. Nf3 Nc6 4. e4 Bc5 5. Nxe5 Nxe5 6. d4 Bb4 7. dxe5 Nxe4 8.
Qd4 Nxc3 9. bxc3 Be7 10. Be2 O-O 11. Bf4 d6 12. O-O Be6 13. Bf3 Qc8 14. Rab1 Rb8
15. Qxa7 Bxc4 16. exd6 Bxd6 17. Bxd6 cxd6 18. Rfd1 d5 19. Bxd5 Bxd5 20. Rxd5
Qxc3 21. h3 g6 22. Rdb5 Ra8 23. Qxb7 Rxa2 24. R5b2 Rxb2 25. Qxb2 Qxb2 26. Rxb2
h5 27. h4 Ra8 28. g3 Kg7 29. Kg2 Ra7 30. Rc2 Re7 31. Rd2 1/2-1/2

[Event "20th Dubai Open 2018"]
[Site "Dubai UAE"]
[Date "2018.04.04"]
[Round "3.8"]
[White "Yilmaz, Mustafa"]
[Black "Christiansen, Johan-Sebastian"]
[Result "1/2-1/2"]
[WhiteTitle "GM"]
[BlackTitle "IM"]
[WhiteElo "2626"]
[BlackElo "2498"]
[WhiteFideId "6302718"]
[BlackFideId "1512668"]
[EventDate "2018.04.02"]

1. d4 Nf6 2. c4 e6 3. Nf3 d5 4. Nc3 dxc4 5. e4 Bb4 6. Bxc4 Nxe4 7. O-O Nxc3 8.
bxc3 Be7 9. Ne5 O-O 10. Qg4 Nc6 11. Re1 f5 12. Qf3 Nxe5 13. Rxe5 Kh8 14. Bf4 g5
15. Bd2 Bd6 16. Rae1 Bxe5 17. Rxe5 Bd7 18. Bb3 c6 19. c4 Rc8 20. Bc3 Qf6 21. Qe3
f4 22. Qd3 Kg8 23. h3 Qg6 24. Qd1 Rf7 25. Bb2 Rcf8 26. d5 c5 27. Bc2 Qh6 28.
dxe6 Bxe6 29. Qd6 Rd7 30. Qxc5 Rg7 31. Be4 Rd8 32. Bf3 Qg6 33. Qa5 Rdd7 34. Be4
Qf7 35. Qxa7 Rd8 36. Qa5 Rd1+ 37. Kh2 g4 38. hxg4 Rxg4 39. Qa8+ Qf8 40. Bxh7+
Kf7 41. Qxf8+ Kxf8 42. Rh5 f3 43. g3 Rd2 44. Ba3+ Kg7 45. Bc5 Rxc4 46. Be3 Rd5
47. Rxd5 Bxd5 48. Bf5 Kf6 49. Bd7 Bc6 50. Bc8 Ra4 51. g4 Bd5 52. Kg3 Rxa2 53.
Bd4+ Ke7 54. Kf4 Re2 55. Bf5 Be6 56. Kxf3 Bxf5 57. Kxe2 Bxg4+ 58. Ke3 1/2-1/2

[Event "20th Dubai Open 2018"]
[Site "Dubai UAE"]
[Date "2018.04.04"]
[Round "3.9"]
[White "Karthikeyan, P."]
[Black "Iturrizaga Bonelli, Eduardo"]
[Result "0-1"]
[WhiteTitle "IM"]
[BlackTitle "GM"]
[WhiteElo "2481"]
[BlackElo "2624"]
[WhiteFideId "5018226"]
[BlackFideId "3901211"]
[EventDate "2018.04.02"]

1. e4 c5 2. Nf3 e6 3. d4 cxd4 4. Nxd4 a6 5. c4 Nf6 6. Nc3 d6 7. Be2 b6 8. f4 Qc7
9. O-O Nbd7 10. Qd3 Bb7 11. f5 Nc5 12. Qe3 e5 13. Nd5 Nxd5 14. exd5 Be7 15. Nc6
Bf6 16. b4 Nd7 17. Bf3 O-O 18. Be4 b5 19. g4 Bxc6 20. dxc6 Nb6 21. g5 Nxc4 22.
Qd3 d5 23. gxf6 dxe4 24. Qg3 g6 25. Qh4 Qb6+ 26. Kh1 e3 27. Rf3 Qxc6 28. Kg1
Qxf3 29. Qh6 Qf2+ 0-1